Simposio Internacional sobre Biodiversidad del Caribe Colombiano: (Registro nro. 19348)
[ vista simple ]
| 000 -CABECERA | |
|---|---|
| Campo de control | 01134nam a22002297a 4500 |
| 005 - FECHA Y HORA DE LA ULTIMA TRANSACCION | |
| Campo de control | 20170222140511.0 |
| 008 - ELEMENTOS DE LONGITUD FIJA—INFORMACION GENERAL | |
| Campo de control | 130617b2011 ck ||||| |||| 00| 0 spa d |
| 020 ## - ISBN | |
| ISBN | 9789587199796 |
| 040 ## - FUENTE DE CATALOGACIÓN | |
| Agencia catalogadora original | Co-BoIAvH |
| Agencia transcriptora | Co-BoIAvH |
| 041 ## - IDIOMA | |
| Código de idioma para texto/pista de sonido o título separado | Español |
| 044 ## - PAÍS DE PUBLICACIÓN | |
| País de publicación | Colombia |
| 082 ## - NUMERO DE CLASIFICACION DECIMAL DEWEY | |
| Número de clasificación | 574.509861 |
| Número del ítem | C718c |
| 111 1# - ASIENTO PRINCIPAL--NOMBRE DE REUNION | |
| Nombre de reunión o de jurisdicción como elemento de entrada | Simposio Internacional sobre Biodiversidad del Caribe Colombiano ( |
| Lugar de la reunión | Valledupar: |
| Fecha de la reunión | 15 y 16 de septiembre de 2011) |
| 9 (RLIN) | 79932 |
| 245 1# - MENCION DE TITULO | |
| Título | Simposio Internacional sobre Biodiversidad del Caribe Colombiano: |
| Parte restante del título | Conocimiento, uso sostenible, conservación e incorporación de la biodiversidad en los planes de desarrollo locales y regionales |
| Mención de responsabilidad | editado por Editor J. Orlando Rangel Ch. |
| 260 3# - PUBLICACION, DISTRIBUCION, ETC. (PIE DE IMPRENTA) | |
| Lugar de publicación, distribución, etc. | Bogotá : |
| Nombre del editor, distribuidor, etc. | Universidad Nacional de Colombia. Instituto de Ciencias Naturales, |
| Fecha de publicación, distribución, etc. | 2011. |
| 300 ## - DESCRIPCION FISICA | |
| Extensión | 44 páginas, |
| Otros detalles físicos | |
| Dimensiones | 24 cm. |
| 490 ## - MENCION DE SERIE | |
| Mención de serie | Colombia Diversidad Biótica: |
| -- | Publicación Especial, Resúmenes, |
| Designación numérica/secuencial del volumen | 3 |
| 650 6# - ASIENTO SECUNDARIO DE MATERIA - TERMINO TEMATICO | |
| Término temático o nombre geográfico como elemento de entrada | Diversidad biológica |
| Subdivisión de forma | congresos, conferencias, etc. |
| Subdivisión geográfica | Caribe (Región) |
| -- | Colombia |
| 9 (RLIN) | 79933 |
| 700 1# - ASIENTO SECUNDARIO - NOMBRE PERSONAL | |
| Nombre personal | Rangel Ch. J. Orlando. |
| Término de relación | editor |
| 9 (RLIN) | 79934 |
| 740 0# - ASIENTO SECUNDARIO - TITULOS RELACIONADOS /ANALITICOS NO CONTROLADOS | |
| Título relacionado o analítico no controlado | Colombia. Diversidad biótica III |
| 942 ## - ELEMENTOS ADICIONALES (KOHA) | |
| Sistema de clasificación | Dewey Decimal Classification |
| Tipo de ítem | Libro |
| Withdrawn status | Lost status | Sistema de Clasificación | Damaged status | No para préstamo | Colección | Inventariado | Ubicación Permanente | Ubicación actual | Fecha de adquisición | Fuente de Valor | Valor | Total Checkouts | Número topográfico | Inventario / Código de Barras | Date last seen | Ejemplar | Price effective from | Forma de adquisición | Tipo de material |
|---|---|---|---|---|---|---|---|---|---|---|---|---|---|---|---|---|---|---|---|
| Dewey Decimal Classification | General | Inventariado 2017 | Bogotá | Bogotá | 22/02/2017 | Instituto | 39000.00 | LB-574.509861 C718c | 042475 | 22/02/2017 | Ej. 1 | 22/02/2017 | Canje | Libro |